[Event "4NCL Division Four"]
[Site "Telford, ENG"]
[Date "2024.01.07"]
[Round "4.83"]
[White "Goodhead, James W"]
[Black "MacNeil, Elliott"]
[Result "0-1"]
[WhiteElo "1785"]
[BlackElo "1947"]
[PlyCount "56"]
[EventDate "2024.01.07"]
[WhiteTeam "Iceni 2"]
[BlackTeam "Wessex B"]

1. e4 d6 2. d4 Nf6 3. Nc3 g6 4. f4 Bg7 5. Nf3 c5 6. d5 O-O 7. Be2 e6 8. O-O
exd5 9. exd5 Na6 10. f5 Bxf5 11. Bg5 Qb6 12. Nh4 c4+ 13. Kh1 Ne4 14. Nxf5 gxf5
15. Nxe4 fxe4 16. Bh5 Qxb2 17. Qg4 f5 18. Qg3 Qe5 19. Bf4 Qf6 20. Bg5 Qe5 21.
Bf4 Qc3 22. Rab1 Qxg3 23. Bxg3 b6 24. Bxd6 Rfd8 25. Be7 Rxd5 26. Rbd1 Nc7 27.
Rxd5 Nxd5 28. Rxf5 Nxe7 0-1

[Event "4NCL Division Four"]
[Site "Telford, ENG"]
[Date "2024.01.07"]
[Round "4.84"]
[White "Spanton, Tim R"]
[Black "Kent, Rowan"]
[Result "1-0"]
[WhiteElo "1888"]
[BlackElo "1688"]
[PlyCount "93"]
[EventDate "2024.01.07"]
[WhiteTeam "Wessex B"]
[BlackTeam "Iceni 2"]

1. e4 e5 2. Nf3 Nc6 3. Bb5 a6 4. Bxc6 dxc6 5. d4 exd4 6. Qxd4 Qxd4 7. Nxd4 Bc5
8. Be3 Nf6 9. f3 O-O 10. Nf5 Bxe3 11. Nxe3 Be6 12. Nc3 Rad8 13. Rd1 Rxd1+ 14.
Kxd1 Rd8+ 15. Ke2 Kf8 16. Rd1 Rxd1 17. Nexd1 Ke7 18. Ke3 Nd7 19. f4 f6 20. Nf2
Kd6 21. Nd3 Bc4 22. a3 Bxd3 23. Kxd3 Nc5+ 24. Kd4 Ne6+ 25. Ke3 Nc5 26. Ne2 Ne6
27. Nd4 Nxd4 28. Kxd4 c5+ 29. Ke3 a5 30. c4 a4 31. g4 g5 32. e5+ Ke6 33. exf6
Kxf6 34. f5 Ke5 35. Kd3 c6 36. Kc3 b5 37. Kd3 b4 38. Ke3 h6 39. Kd3 h5 40. h3
Kf4 41. f6 hxg4 42. hxg4 Kxg4 43. f7 Kh3 44. f8=Q g4 45. Qf1+ Kh2 46. Qf2+ Kh1
47. Qh4+ 1-0

[Event "4NCL Division Four"]
[Site "Telford, ENG"]
[Date "2024.01.07"]
[Round "4.85"]
[White "Todd, Andrew"]
[Black "Chilton, James I"]
[Result "0-1"]
[WhiteElo "1549"]
[BlackElo "1863"]
[PlyCount "96"]
[EventDate "2024.01.07"]
[WhiteTeam "Iceni 2"]
[BlackTeam "Wessex B"]

1. d4 Nf6 2. Nf3 d5 3. Bf4 c5 4. e3 Nc6 5. c3 e6 6. Bd3 Be7 7. Nbd2 O-O 8. h3
b6 9. O-O a5 10. Ne5 Nxe5 11. Bxe5 Ba6 12. Bxa6 Rxa6 13. Qe2 Ra7 14. e4 Re8 15.
a4 Nd7 16. Bh2 Nf8 17. exd5 cxd4 18. cxd4 exd5 19. Rfe1 Ne6 20. Nf3 Bb4 21. Nd2
Rae7 22. Qd3 Nf4 23. Bxf4 Rxe1+ 24. Rxe1 Rxe1+ 25. Kh2 Qf6 26. Qg3 Qg6 27. Qh4
Be7 28. Qg3 Qxg3+ 29. Bxg3 Bf6 30. Bc7 Bxd4 31. Nf3 Re7 32. Bd8 Rd7 33. Nxd4
Rxd8 34. Nc6 Rd6 35. Nd4 g6 36. Kg3 Kg7 37. f4 Kf6 38. h4 Rd7 39. Kf3 Re7 40.
b3 h5 41. g3 Re4 42. Nb5 Rb4 43. Nc7 Rxb3+ 44. Kg2 d4 45. Nd5+ Ke6 46. Nc7+ Kd6
47. Nb5+ Rxb5 48. axb5 a4 0-1

[Event "4NCL Division Four"]
[Site "Telford, ENG"]
[Date "2024.01.07"]
[Round "4.86"]
[White "Wright, George A"]
[Black "Ryan, John"]
[Result "0-1"]
[WhiteElo "1346"]
[BlackElo "1521"]
[PlyCount "112"]
[EventDate "2024.01.07"]
[WhiteTeam "Wessex B"]
[BlackTeam "Iceni 2"]

1. b3 b6 2. Bb2 Bb7 3. Nf3 d6 4. d3 e6 5. Nbd2 Nf6 6. g3 Be7 7. Bg2 Nbd7 8. O-O
O-O 9. Re1 c5 10. e4 e5 11. c4 Re8 12. a3 a6 13. b4 cxb4 14. axb4 Qc7 15. Nf1
g6 16. Ne3 Bf8 17. Qb3 Bg7 18. Bc1 Nf8 19. Re2 Ne6 20. Nd5 Nxd5 21. cxd5 Nf8
22. Be3 b5 23. Rc2 Qd7 24. Ne1 Rec8 25. Bb6 Rxc2 26. Nxc2 Rc8 27. Ne3 f6 28. h3
Bh6 29. Rf1 Qe7 30. Kh2 Nd7 31. Ba5 Qe8 32. Qb2 Bg7 33. h4 Rb8 34. Rc1 Rc8 35.
Bc7 Bf8 36. Qe2 Ra8 37. Ba5 Rc8 38. Rxc8 Qxc8 39. Bh3 Qe8 40. Be6+ Kh8 41. f3
Bg7 42. g4 Nf8 43. Qa2 Bh6 44. Ng2 Nxe6 45. dxe6 Bc8 46. Bb6 Bxe6 47. Qxa6 Bd2
48. Ba5 Qd7 49. Kg1 d5 50. Qb6 dxe4 51. Qd8+ Qxd8 52. Bxd8 exf3 53. Bxf6+ Kg8
54. Bxe5 fxg2 55. Kxg2 Bxb4 56. g5 Be1 0-1

[Event "4NCL Division Four"]
[Site "Telford, ENG"]
[Date "2024.01.07"]
[Round "4.91"]
[White "Scott, Jane"]
[Black "McLean, Rory"]
[Result "0-1"]
[WhiteElo "1275"]
[BlackElo "1680"]
[PlyCount "74"]
[EventDate "2024.01.07"]
[WhiteTeam "She Plays To Win Young Stars B"]
[BlackTeam "Barnet Knights C"]

1. e4 e6 2. d4 d5 3. e5 c5 4. c3 Nc6 5. Nf3 Bd7 6. Bd3 Qb6 7. O-O cxd4 8. cxd4
Nxd4 9. Nxd4 Qxd4 10. Re1 Bb4 11. Re2 Rc8 12. a3 Qxd3 13. Re1 Qxd1 14. Rxd1 Ba5
15. Rf1 Bb5 16. Be3 Bxf1 17. Kxf1 Bb6 18. Bd2 Bd4 19. Bc3 Bxc3 20. Nxc3 a6 21.
Rc1 d4 22. Ne2 Rxc1+ 23. Nxc1 Ne7 24. Ke2 Nc6 25. Nb3 Nxe5 26. Nxd4 Ke7 27. f4
Nc4 28. Nb3 b6 29. a4 Nxb2 30. a5 bxa5 31. Nxa5 Kd7 32. Kd2 Rb8 33. Kc3 Rb5 34.
Nb3 Nd1+ 35. Kc4 Ne3+ 36. Kc3 Rxb3+ 37. Kxb3 Nxg2 0-1

[Event "4NCL Division Four"]
[Site "Telford, ENG"]
[Date "2024.01.07"]
[Round "4.93"]
[White "Sengupta, Sohana"]
[Black "Morin, Julian"]
[Result "1-0"]
[WhiteElo "1249"]
[BlackElo "1211"]
[PlyCount "147"]
[EventDate "2024.01.07"]
[WhiteTeam "She Plays To Win Young Stars B"]
[BlackTeam "Barnet Knights C"]

1. e4 c5 2. Nf3 Nc6 3. d4 e6 4. Nc3 cxd4 5. Nxd4 Nxd4 6. Qxd4 d6 7. Bc4 Nf6 8.
O-O Be7 9. Bb3 O-O 10. f3 Qc7 11. Be3 Bd7 12. Rad1 Rfc8 13. Kh1 b6 14. Rf2 Qb8
15. Qd3 Bc6 16. Rfd2 a5 17. a4 Ra7 18. Bf4 Rd7 19. Qe2 Kh8 20. Be3 Rb7 21. Bc4
Rbc7 22. Bb3 Kg8 23. Bf4 Rd7 24. Bc4 Rdc7 25. Bb5 Bxb5 26. Nxb5 Rc5 27. Bxd6
Bxd6 28. Nxd6 Rd8 29. Nb5 Rxd2 30. Qxd2 g6 31. Qd8+ Qxd8 32. Rxd8+ Kg7 33. Nc3
Rc4 34. Rd3 Nh5 35. g3 Kf6 36. Kg2 Ke5 37. f4+ Kf6 38. e5+ Kg7 39. Rd2 f6 40.
Ne2 fxe5 41. fxe5 Rxa4 42. Nc3 Rb4 43. b3 b5 44. Rd7+ Kh6 45. Rb7 Rd4 46. Rxb5
Rd2+ 47. Kh3 Rxc2 48. Na4 Ra2 49. Rxa5 Ra3 50. Rb5 Ng7 51. Nc5 Kg5 52. Ne4+ Kh5
53. Rb7 Kh6 54. Nf6 Ra5 55. Ng4+ Kg5 56. Rxg7 h5 57. Nf2 Rxe5 58. Rb7 Re2 59.
Kg2 e5 60. Kf3 Rd2 61. Ne4+ Kf5 62. Nxd2 g5 63. Ne4 Kg6 64. Rc7 h4 65. gxh4 g4+
66. Kxg4 Kh6 67. b4 Kg6 68. b5 Kh6 69. b6 Kg6 70. b7 Kh6 71. Rc6+ Kh7 72. b8=Q
Kg7 73. Qb7+ Kg8 74. Rc8# 1-0

[Event "4NCL Division Four"]
[Site "Telford, ENG"]
[Date "2024.01.07"]
[Round "4.94"]
[White "Patel, Joshan"]
[Black "Wilde, Grace"]
[Result "0-1"]
[WhiteElo "823"]
[BlackElo "1335"]
[PlyCount "110"]
[EventDate "2024.01.07"]
[WhiteTeam "Barnet Knights C"]
[BlackTeam "She Plays To Win Young Stars B"]

1. e4 c5 2. Nf3 Nc6 3. Nc3 d6 4. Bc4 Nf6 5. O-O g6 6. h3 Bg7 7. d3 O-O 8. Bf4
e5 9. Bg3 Nd4 10. Nxd4 cxd4 11. Nd5 Nxd5 12. exd5 a6 13. Re1 b5 14. Bb3 a5 15.
c4 dxc3 16. bxc3 a4 17. Bc2 Qc7 18. Rb1 Bd7 19. a3 Qxc3 20. Qc1 Rfc8 21. Re2
Qc5 22. Rb4 Bf5 23. Qb1 Bd7 24. Bh4 Qxd5 25. f3 Qc5+ 26. Bf2 Qc7 27. Bh4 h6 28.
Bg3 f5 29. Bf2 Rab8 30. Rb2 e4 31. Rb4 exd3 32. Bxd3 Qc1+ 33. Re1 Qxb1 34.
Rbxb1 Rc3 35. Be2 Rxa3 36. Bg3 Be5 37. Bxe5 dxe5 38. f4 e4 39. Ra1 Rxa1 40.
Rxa1 Be6 41. Rb1 a3 42. Bxb5 a2 43. Ra1 Rxb5 44. Kf2 Rb2+ 45. Ke3 Rb1 46. Rxa2
Bxa2 47. Kd4 Rb3 48. Ke5 e3 49. Kf6 e2 50. Kxg6 e1=Q 51. Kxh6 Rg3 52. Kh5 Bf7+
53. Kh4 Rg6+ 54. Kh5 Qg3 55. h4 Qg4# 0-1

[Event "4NCL Division Four"]
[Site "Telford, ENG"]
[Date "2024.01.07"]
[Round "4.95"]
[White "Eccleston, Bryony"]
[Black "Morin, Sophie"]
[Result "1-0"]
[WhiteElo "1251"]
[BlackElo "600"]
[PlyCount "73"]
[EventDate "2024.01.07"]
[WhiteTeam "She Plays To Win Young Stars B"]
[BlackTeam "Barnet Knights C"]

1. e4 e5 2. Bc4 Bc5 3. Nf3 Nc6 4. b4 Nf6 5. bxc5 O-O 6. d3 Qe7 7. Qd2 Qxc5 8.
Ba3 Qa5 9. Qxa5 Nxa5 10. Bxf8 Kxf8 11. Nxe5 Nc6 12. Nxc6 dxc6 13. Nd2 Bd7 14.
Nf3 a6 15. Ne5 Bc8 16. Bxf7 Ke7 17. O-O Nd7 18. Nxd7 Bxd7 19. Bb3 Rf8 20. f4 h6
21. Rf3 g5 22. fxg5 hxg5 23. Rxf8 Kxf8 24. Rf1+ Ke8 25. Rf7 Kd8 26. Kf2 b5 27.
h3 Be6 28. Bxe6 c5 29. Kg3 c6 30. Kg4 Ke8 31. Kxg5 Kd8 32. Ra7 Ke8 33. Kf6 Kd8
34. Bd7 a5 35. Ke6 b4 36. Kd6 a4 37. Ra8# 1-0

[Event "4NCL Division Four"]
[Site "Telford, ENG"]
[Date "2024.01.07"]
[Round "4.96"]
[White "To, Seaming"]
[Black "Zhao, Wenyi"]
[Result "0-1"]
[WhiteElo "600"]
[BlackElo "1159"]
[PlyCount "33"]
[EventDate "2024.01.07"]
[WhiteTeam "Barnet Knights C"]
[BlackTeam "She Plays To Win Young Stars B"]

1. e4 e6 2. Nc3 d5 3. Nf3 Nf6 4. Bb5+ Bd7 5. O-O c5 6. d3 a6 7. h3 axb5 8. Be3
d4 9. Bf4 dxc3 10. bxc3 Nh5 11. Bg5 f6 12. Bh4 Be7 13. Rb1 O-O 14. Rb2 f5 15.
c4 Bxh4 16. Rxb5 Bxb5 17. cxb5 0-1

[Event "4NCL Division Four"]
[Site "Telford, ENG"]
[Date "2024.01.07"]
[Round "4.101"]
[White "Collins, Nigel"]
[Black "Nelson, Omowale"]
[Result "1-0"]
[WhiteElo "1495"]
[BlackElo "1961"]
[PlyCount "106"]
[EventDate "2024.01.07"]
[WhiteTeam "War and Piece B"]
[BlackTeam "Watford A"]

1. c4 e5 2. Nc3 Nc6 3. g3 g6 4. Bg2 Bg7 5. e4 d6 6. d3 Nge7 7. Nge2 O-O 8. O-O
Be6 9. Nd5 Qd7 10. f4 Bg4 11. Bf3 Bxf3 12. Rxf3 f5 13. Rb1 exf4 14. gxf4 Kh8
15. Kh1 fxe4 16. dxe4 Ne5 17. Rc3 Ng4 18. Rf3 c6 19. Ne3 Qe6 20. Nxg4 Qxg4 21.
Rg3 Qe6 22. Qd3 Rad8 23. Be3 d5 24. cxd5 cxd5 25. exd5 Rxd5 26. Nd4 Qd7 27. Rg5
Rd8 28. Rxd5 Qxd5+ 29. Kg1 Bxd4 30. Bxd4+ Qxd4+ 31. Qxd4+ Rxd4 32. Re1 Nf5 33.
Re2 Kg7 34. Kf2 Rxf4+ 35. Ke1 Rd4 36. Kf2 Kf6 37. Kf3 g5 38. Re8 Rf4+ 39. Kg2
Nh4+ 40. Kg3 Ng6 41. Rd8 h5 42. Rd6+ Kf5 43. Rd5+ Ne5 44. Rd8 Rf3+ 45. Kg2 Ke4
46. Re8 g4 47. Rd8 h4 48. Re8 h3+ 49. Kg1 Rd3 50. Kf2 Rd2+ 51. Kg3 Rg2+ 52. Kh4
Rxh2 53. Rg8 Rg2 1-0

[Event "4NCL Division Four"]
[Site "Telford, ENG"]
[Date "2024.01.07"]
[Round "4.102"]
[White "Rubeck, Jonathan"]
[Black "Blair, Jimmy"]
[Result "1-0"]
[WhiteElo "1974"]
[BlackElo "1455"]
[PlyCount "71"]
[EventDate "2024.01.07"]
[WhiteTeam "Watford A"]
[BlackTeam "War and Piece B"]

1. e4 e5 2. Nf3 Nc6 3. d4 d6 4. Bc4 Bg4 5. c3 a6 6. O-O Nf6 7. d5 Na7 8. Re1
Be7 9. Nbd2 O-O 10. Nf1 b5 11. Bb3 h6 12. Ng3 Nh7 13. h3 Bd7 14. Be3 Qc8 15.
Qd2 f5 16. exf5 Bxf5 17. Nxe5 Bf6 18. Nf3 Bxh3 19. gxh3 Qxh3 20. Qe2 Rae8 21.
Qf1 Qxf1+ 22. Kxf1 Nc8 23. Nd4 Be5 24. Kg2 Ne7 25. Ne6 Rf6 26. f4 Bxf4 27. Bxf4
Ng6 28. Be3 Nh4+ 29. Kh3 Nf3 30. Rf1 Nhg5+ 31. Bxg5 hxg5 32. Ne4 Rh6+ 33. Kg3
g4 34. Rh1 Rg6 35. Rh5 Re7 36. Rah1 1-0

[Event "4NCL Division Four"]
[Site "Telford, ENG"]
[Date "2024.01.07"]
[Round "4.103"]
[White "Charles, Steven"]
[Black "Lancaster, Roger"]
[Result "0-1"]
[WhiteElo "1434"]
[BlackElo "1956"]
[PlyCount "56"]
[EventDate "2024.01.07"]
[WhiteTeam "War and Piece B"]
[BlackTeam "Watford A"]

1. Nf3 e6 2. d4 Nf6 3. c4 b6 4. Nc3 Bb7 5. Bg5 Be7 6. Qc2 c5 7. e3 Nc6 8. O-O-O
h6 9. Bh4 cxd4 10. Nxd4 O-O 11. Nxc6 Bxc6 12. f3 a6 13. Bd3 Ne8 14. Bxe7 Qxe7
15. Be4 Rc8 16. Bxc6 Rxc6 17. Qd3 Nd6 18. b3 Rfc8 19. Kb2 Qg5 20. Rd2 b5 21. c5
Qxc5 22. Ne4 Nxe4 23. fxe4 d6 24. g4 b4 25. h4 Qa5 26. Kb1 Qc7 27. Rhh2 Rc1+
28. Kb2 Qa5 0-1

[Event "4NCL Division Four"]
[Site "Telford, ENG"]
[Date "2024.01.07"]
[Round "4.104"]
[White "Dairi, Ramsey"]
[Black "Searle, Tristan"]
[Result "1-0"]
[WhiteElo "1761"]
[BlackElo "1429"]
[PlyCount "67"]
[EventDate "2024.01.07"]
[WhiteTeam "Watford A"]
[BlackTeam "War and Piece B"]

1. e4 c5 2. Be2 Nc6 3. d3 e5 4. f4 Nf6 5. Nc3 d5 6. fxe5 Nxe5 7. Bg5 d4 8. Nd5
Be7 9. Nxe7 Qxe7 10. Nf3 Nxf3+ 11. Bxf3 Qe5 12. Qd2 Ng4 13. Bf4 Qe6 14. h3 Ne5
15. O-O O-O 16. Qe1 Nxf3+ 17. Rxf3 b5 18. Qh4 a5 19. Rg3 Ra6 20. Bg5 h6 21. Be7
Re8 22. Bxc5 Qe5 23. b4 g5 24. Kh2 Kh7 25. Qh5 f5 26. Qf7+ Kh8 27. Bxd4 Qxd4
28. Qxe8+ Kh7 29. Qxc8 Qxa1 30. Qxa6 f4 31. Qb7+ Kg6 32. Qc6+ Kh5 33. Qe8+ Kh4
34. Rg4# 1-0

[Event "4NCL Division Four"]
[Site "Telford, ENG"]
[Date "2024.01.07"]
[Round "4.105"]
[White "Parsons, Ben D"]
[Black "Kataria, Dhairya"]
[Result "0-1"]
[WhiteElo "1401"]
[BlackElo "1265"]
[PlyCount "86"]
[EventDate "2024.01.07"]
[WhiteTeam "War and Piece B"]
[BlackTeam "Watford A"]

1. d4 d5 2. c4 c6 3. e3 Nf6 4. Nc3 e6 5. a3 c5 6. Nf3 cxd4 7. exd4 Nc6 8. Bd3
Be7 9. O-O O-O 10. h3 b6 11. b4 a6 12. Bb2 Bb7 13. Qc2 dxc4 14. Bxc4 Nxd4 15.
Nxd4 Qxd4 16. Nd5 Qh4 17. Nxb6 Rad8 18. Qe2 Rd6 19. Na4 Nh5 20. Be5 Rc6 21.
Rac1 Rfc8 22. Nb2 a5 23. b5 Rc5 24. Qe3 Bg5 25. f4 Rxe5 26. Qxe5 Bxf4 27. Rxf4
Nxf4 28. Rc2 Qg3 29. Kf1 Bxg2+ 30. Rxg2 Qxg2+ 31. Ke1 Qg3+ 32. Kd2 Rd8+ 33. Kc2
Qf2+ 34. Kb3 a4+ 35. Ka2 h6 36. Qc3 Nd5 37. Qa5 Rc8 38. Bxd5 exd5 39. b6 Rb8
40. b7 Qh2 41. Qxd5 Qc7 42. Nxa4 Qxb7 43. Qd4 Qb1# 0-1

[Event "4NCL Division Four"]
[Site "Telford, ENG"]
[Date "2024.01.07"]
[Round "4.106"]
[White "Dairi, Mahmoud"]
[Black "Rogers, Jonathan"]
[Result "0-1"]
[WhiteElo "1308"]
[BlackElo "1400"]
[PlyCount "92"]
[EventDate "2024.01.07"]
[WhiteTeam "Watford A"]
[BlackTeam "War and Piece B"]

1. e4 Nc6 2. Nf3 d6 3. Nc3 g6 4. h3 e5 5. Bc4 Bg7 6. d3 Nge7 7. Bg5 O-O 8. Qd2
Nd4 9. Nxd4 exd4 10. Nd5 f6 11. Nxe7+ Kh8 12. Nxg6+ hxg6 13. h4 Qe8 14. Qe2 Be6
15. Bxe6 Qxe6 16. Bd2 Rae8 17. f3 f5 18. Rf1 d5 19. c3 c5 20. c4 dxe4 21. fxe4
fxe4 22. Rxf8+ Bxf8 23. O-O-O b5 24. Re1 bxc4 25. Qxe4 Qxe4 26. Rxe4 Rxe4 27.
dxe4 Kg7 28. Kd1 Kf6 29. Ke2 Bg7 30. Kf3 Ke6 31. g4 c3 32. bxc3 dxc3 33. Bc1
Ke5 34. h5 gxh5 35. gxh5 Kd4 36. Kf4 Kd3 37. e5 Bh6+ 38. Kf5 Bxc1 39. e6 c2 40.
e7 Bb2 41. e8=Q c1=Q 42. Qe4+ Kc3 43. Qf3+ Kb4 44. Qb7+ Kc4 45. Qb3+ Kd4 46.
Qe6 Qc4 0-1

[Event "4NCL Division Four"]
[Site "Telford, ENG"]
[Date "2024.01.07"]
[Round "4.111"]
[White "MacLeod, Alasdair"]
[Black "Burgess, Jasmine"]
[Result "1-0"]
[WhiteElo "1827"]
[BlackElo "1694"]
[PlyCount "77"]
[EventDate "2024.01.07"]
[WhiteTeam "English Deaf Chess Association"]
[BlackTeam "She Plays To Win Uni"]

1. e4 e6 2. b3 d5 3. Bb2 dxe4 4. Nc3 Nf6 5. Qe2 Nc6 6. Nxe4 Nd4 7. Qd3 c5 8. c3
Nxe4 9. Qxe4 Nc6 10. Bb5 Bd7 11. Nf3 a6 12. Bd3 Be7 13. O-O Bf6 14. Rad1 Qc7
15. Rfe1 Ne7 16. Ne5 O-O-O 17. Nxf7 Ng6 18. Nxh8 Rxh8 19. g3 Ne5 20. Be2 Bc6
21. Qe3 Qd6 22. d4 Qd5 23. f3 Ng4 24. Qe4 Qxe4 25. fxe4 Ne3 26. Rd3 cxd4 27.
cxd4 Nc2 28. Rc1 Nb4 29. Rdd1 Rf8 30. Ba3 a5 31. d5 exd5 32. exd5 Bg5 33. Bxb4
Be3+ 34. Kh1 axb4 35. Rc2 Kc7 36. dxc6 bxc6 37. Bg4 Rf4 38. Kg2 Bb6 39. Rcd2
1-0

[Event "4NCL Division Four"]
[Site "Telford, ENG"]
[Date "2024.01.07"]
[Round "4.112"]
[White "Agarwal, Aditi"]
[Black "David, Barry A H"]
[Result "0-1"]
[WhiteElo "1610"]
[BlackElo "1658"]
[PlyCount "106"]
[EventDate "2024.01.07"]
[WhiteTeam "She Plays To Win Uni"]
[BlackTeam "English Deaf Chess Association"]

1. Nf3 Nf6 2. g3 d5 3. Bg2 e6 4. d3 Bd6 5. Nbd2 O-O 6. O-O Nbd7 7. Re1 c6 8. e4
e5 9. Nh4 Re8 10. Nb3 b6 11. Bg5 h6 12. Be3 Bb7 13. Nf5 Bf8 14. Nd2 d4 15. Bxh6
gxh6 16. Nc4 Qc7 17. Qd2 Re6 18. Bh3 Ne8 19. Kg2 a5 20. Nh4 b5 21. Bxe6 fxe6
22. Na3 Ndf6 23. Rg1 Kh7 24. Kf1 Bd6 25. g4 Bf8 26. g5 Nh5 27. g6+ Kg7 28. Qe2
Nef6 29. c4 Nf4 30. Qc2 Bxa3 31. bxa3 bxc4 32. dxc4 d3 33. Qd2 Nxe4 34. Qe1 c5
35. f3 Ng5 36. Qe3 Qd6 37. Rb1 Ba6 38. Ng2 Bxc4 39. Nxf4 exf4 40. Qf2 Ra7 41.
Kg2 Bd5 42. Qb2+ e5 43. Rgf1 Rb7 44. Qc1 Rxb1 45. Qxb1 c4 46. h4 Ne6 47. h5 Nd4
48. Qe1 Qe7 49. Rf2 Qg5+ 50. Kf1 Qxh5 51. Rg2 Qxf3+ 52. Qf2 Qd1+ 53. Qe1 Qxe1+
0-1

[Event "4NCL Division Four"]
[Site "Telford, ENG"]
[Date "2024.01.07"]
[Round "4.113"]
[White "Ajimal, Jet"]
[Black "Desheva, Evie"]
[Result "1-0"]
[WhiteElo "1670"]
[BlackElo "1656"]
[PlyCount "99"]
[EventDate "2024.01.07"]
[WhiteTeam "English Deaf Chess Association"]
[BlackTeam "She Plays To Win Uni"]

1. e4 e5 2. Nf3 Nc6 3. Bc4 Nf6 4. Ng5 Bc5 5. Bxf7+ Ke7 6. Bd5 Rf8 7. O-O Qe8 8.
Nc3 Kd8 9. Na4 Be7 10. d3 h6 11. Nf3 d6 12. h3 Bd7 13. Nc3 Qh5 14. Nh2 Qg6 15.
Kh1 Nh5 16. Be3 Bg5 17. Bxg5+ hxg5 18. Bxc6 bxc6 19. Ng4 Nf4 20. Qf3 Rh8 21.
Kg1 Ke7 22. Ne2 Raf8 23. Nxf4 Rxf4 24. Qg3 Bxg4 25. hxg4 Rh4 26. f3 Rf8 27. Kf2
Rfh8 28. a4 Qe8 29. Ke2 Qb8 30. b3 Qb4 31. Qe1 Qc5 32. Rc1 Rh2 33. Qf2 Qa5 34.
Rg1 Qb6 35. Qe3 a6 36. Qxg5+ Kf7 37. Qe3 Qxe3+ 38. Kxe3 Ke6 39. d4 Rf8 40. dxe5
Kxe5 41. Rcd1 g5 42. Kf2 Rhh8 43. Rh1 c5 44. Rd5+ Ke6 45. Rh5 Rxh5 46. gxh5 Rg8
47. g4 c6 48. Rf5 d5 49. exd5+ cxd5 50. Ke3 1-0

[Event "4NCL Division Four"]
[Site "Telford, ENG"]
[Date "2024.01.07"]
[Round "4.114"]
[White "Ravi, Vash"]
[Black "Berridge, Martin"]
[Result "1-0"]
[WhiteElo "1407"]
[BlackElo "1688"]
[PlyCount "103"]
[EventDate "2024.01.07"]
[WhiteTeam "She Plays To Win Uni"]
[BlackTeam "English Deaf Chess Association"]

1. d4 f5 2. c4 Nf6 3. Nc3 d5 4. e3 e6 5. Bd2 c6 6. Bd3 Bd6 7. h3 O-O 8. Qc2 Ne4
9. O-O-O Nxf2 10. Nf3 Nxd1 11. Nxd1 a5 12. g4 Na6 13. a3 Bd7 14. gxf5 exf5 15.
Be1 b5 16. c5 Be7 17. Ne5 b4 18. Qa4 bxa3 19. Nxc6 axb2+ 20. Nxb2 Nb4 21. Nxd8
Nxd3+ 22. Nxd3 Bxa4 23. Ne6 Rfc8 24. Ne5 Bb5 25. Kb2 Bf6 26. Bg3 Bxe5 27. Bxe5
g6 28. Rg1 Ra7 29. Kc3 Bc4 30. Ra1 Rca8 31. h4 Rb7 32. c6 Rb3+ 33. Kc2 Rxe3 34.
Kd2 Rd3+ 35. Kc1 Rh3 36. Kd2 Rd3+ 37. Kc1 Rc3+ 38. Kd2 Rb3 39. Nc5 Rb4 40. c7
Rb5 41. Nd7 Rb2+ 42. Kc1 Rb5 43. Nb8 Rbxb8 44. cxb8=Q+ Rxb8 45. Bxb8 Kg7 46.
Rxa5 Kh6 47. Ra7 g5 48. hxg5+ Kxg5 49. Rxh7 Kg6 50. Rh8 Kg5 51. Rf8 Kg6 52. Be5
1-0

[Event "4NCL Division Four"]
[Site "Telford, ENG"]
[Date "2024.01.07"]
[Round "4.115"]
[White "Lane, Clifford"]
[Black "Khunda, Deema"]
[Result "1-0"]
[WhiteElo "1487"]
[BlackElo "1487"]
[PlyCount "114"]
[EventDate "2024.01.07"]
[WhiteTeam "English Deaf Chess Association"]
[BlackTeam "She Plays To Win Uni"]

1. e4 c5 2. Nf3 e6 3. Bc4 Nc6 4. c3 Nf6 5. e5 Ng4 6. d4 g6 7. h3 Nh6 8. dxc5
Nf5 9. b4 Bg7 10. Bf4 Qc7 11. Qe2 a6 12. O-O b6 13. Bd3 Nfe7 14. Bc4 bxc5 15.
a3 Bb7 16. Nbd2 cxb4 17. axb4 O-O 18. Bxa6 Bxa6 19. Rxa6 Rxa6 20. Qxa6 Nxe5 21.
Bxe5 Bxe5 22. Nxe5 Qxe5 23. Rc1 Nd5 24. Qb5 Qc7 25. c4 Rb8 26. Qc5 Qf4 27. cxd5
Qxd2 28. dxe6 dxe6 29. b5 Qb2 30. Rd1 Qxb5 31. Rd8+ Rxd8 32. Qxb5 Kf8 33. Qb4+
Ke8 34. g4 f6 35. Qb7 Rd7 36. Qc8+ Ke7 37. Qh8 g5 38. Qxh7+ Kd6 39. Qd3+ Ke7
40. Qa3+ Kf7 41. Kg2 e5 42. f3 Ke6 43. Qa6+ Rd6 44. Qc4+ Ke7 45. Qe4 Rd4 46.
Qh7+ Kd6 47. Qf7 Rf4 48. Qh7 Kc5 49. h4 gxh4 50. Qxh4 Kd4 51. Kg3 Ke3 52. Qh1
Ke2 53. Qg2+ Ke3 54. Qf2+ Kd3 55. Qf1+ Ke3 56. Qc1+ Kd4 57. Qxf4+ exf4+ 1-0

[Event "4NCL Division Four"]
[Site "Telford, ENG"]
[Date "2024.01.07"]
[Round "4.116"]
[White "Mehta, Hatle"]
[Black "Simmons, Michael W"]
[Result "1/2-1/2"]
[WhiteElo "1255"]
[BlackElo "1068"]
[PlyCount "54"]
[EventDate "2024.01.07"]
[WhiteTeam "She Plays To Win Uni"]
[BlackTeam "English Deaf Chess Association"]

1. d4 Nf6 2. Bf4 d6 3. e3 g6 4. Nf3 Bg7 5. Nbd2 O-O 6. Bc4 e6 7. h3 Nbd7 8. O-O
Nb6 9. c3 Nxc4 10. Nxc4 b5 11. Na5 Qd7 12. a4 bxa4 13. Qxa4 Qxa4 14. Rxa4 Bd7
15. Rc4 Bb5 16. Rxc7 Bxf1 17. Kxf1 Nd5 18. Rd7 Nxf4 19. exf4 e5 20. Nc6 a6 21.
Nfxe5 Bxe5 22. fxe5 Kg7 23. Ke2 Rac8 24. Na5 Rfd8 25. Ra7 Ra8 26. Re7 Re8 27.
Rd7 Red8 1/2-1/2

[Event "4NCL Division Four"]
[Site "Telford, ENG"]
[Date "2024.01.07"]
[Round "4.121"]
[White "Sturt, Charles A"]
[Black "Mouskos, Mia"]
[Result "1-0"]
[WhiteElo "1618"]
[BlackElo "1486"]
[PlyCount "57"]
[EventDate "2024.01.07"]
[WhiteTeam "Celtic Tigers 3"]
[BlackTeam "She Plays To Win Young Stars A"]

1. d4 d5 2. Nf3 Nf6 3. e3 e6 4. Bd3 c5 5. b3 Nc6 6. Bb2 Be7 7. Nbd2 O-O 8. c4
cxd4 9. exd4 a6 10. Rc1 Nb4 11. Bb1 Re8 12. a3 Nc6 13. O-O Bf8 14. Qc2 g6 15.
Ne5 Nxe5 16. dxe5 Nh5 17. Rfd1 Nf4 18. Nf3 Bh6 19. Rd4 Nxg2 20. Kxg2 Bxc1 21.
Qxc1 Kg7 22. Rh4 h5 23. Qf4 Qb6 24. Qf6+ Kg8 25. Rf4 Qd8 26. cxd5 Qd7 27. Ng5
Rf8 28. Bxg6 Qxd5+ 29. Be4 1-0

[Event "4NCL Division Four"]
[Site "Telford, ENG"]
[Date "2024.01.07"]
[Round "4.122"]
[White "Haria-Skuse, Ashwina"]
[Black "Perchard, Matthew"]
[Result "1/2-1/2"]
[WhiteElo "1459"]
[BlackElo "1532"]
[PlyCount "96"]
[EventDate "2024.01.07"]
[WhiteTeam "She Plays To Win Young Stars A"]
[BlackTeam "Celtic Tigers 3"]

1. Nf3 e6 2. d4 Nf6 3. e3 d5 4. Bd3 Bd6 5. O-O c6 6. Nbd2 Nbd7 7. e4 dxe4 8.
Nxe4 Nxe4 9. Bxe4 Nf6 10. Bd3 O-O 11. c3 h6 12. Re1 b5 13. Ne5 Bb7 14. Qf3 Nd5
15. Qg4 Bxe5 16. dxe5 f6 17. exf6 Qxf6 18. Qxe6+ Qxe6 19. Rxe6 Rae8 20. Rxe8
Rxe8 21. Bd2 a6 22. Kf1 Kf7 23. Re1 Rxe1+ 24. Kxe1 Ke6 25. c4 Nf6 26. f3 Nd7
27. cxb5 cxb5 28. Bc3 Nf6 29. Bg6 Bc6 30. Ke2 Bd5 31. b3 Ke7 32. Bb4+ Kd7 33.
Bf8 Ne8 34. Bxe8+ Kxe8 35. Bxg7 h5 36. g4 hxg4 37. fxg4 a5 38. Kd3 a4 39. Kc3
axb3 40. axb3 Bf3 41. g5 Kf7 42. Bf6 Kg6 43. Kb4 Bd1 44. Kc3 Be2 45. b4 Bf1 46.
Kd4 Bc4 47. Ke5 Bd3 48. Bd8 Be2 1/2-1/2

[Event "4NCL Division Four"]
[Site "Telford, ENG"]
[Date "2024.01.07"]
[Round "4.123"]
[White "Rose, Peter"]
[Black "Popovtseva, Polina"]
[Result "0-1"]
[WhiteElo "1500"]
[BlackElo "1493"]
[PlyCount "62"]
[EventDate "2024.01.07"]
[WhiteTeam "Celtic Tigers 3"]
[BlackTeam "She Plays To Win Young Stars A"]

1. d4 d5 2. Nf3 Nf6 3. Bf4 Bf5 4. e3 e6 5. Nbd2 Nbd7 6. Be2 Be7 7. Bd3 Ne4 8.
O-O g5 9. Bg3 h5 10. h4 gxh4 11. Bf4 Rg8 12. Kh2 Bd6 13. Bxd6 Nxd6 14. Bxf5
Nxf5 15. c4 Qe7 16. cxd5 Qd6+ 17. Kh3 Rg3+ 18. Kh2 Rg4+ 19. Kh1 exd5 20. Qe2
O-O-O 21. e4 dxe4 22. Nxe4 Qg6 23. Rg1 Rg8 24. Nfg5 Rxg5 25. Nxg5 Qxg5 26. Rae1
Nf6 27. Qd3 Ng4 28. Re2 Qf4 29. Qh3 Nxf2+ 30. Rxf2 Qxf2 31. g3 hxg3 0-1